000 00288nam a22001337a 4500
008 180205b xxu||||| |||| 00| 0 eng d
020 _a0735400806
041 _aeng
080 _a33
100 _a52
101 _aPUN
245 _aLanding your first job
_cRigden,J.S
942 _2udc
_cBK
999 _c41775
_d41775